[Event "Mondiale Lampo FIDE 2017"]
[Site "Riyadh"]
[Date "29.12.2017"]
[Round "11.36"]
[White "Salgado Lopez, Ivan"]
[Black "Adly, Ahmed"]
[Result "1/2-1/2"]
[WhiteTitle "GM"]
[BlackTitle "GM"]
[WhiteElo "2644"]
[BlackElo "2637"]
[WhiteFideId "2257327"]
[BlackFideId "10601619"]
[EventDate "2017.12.29"]

1. e4 c5 2. Nf3 d6 3. c3 Nf6 4. Bd3 Nc6 5. Bc2 Bg4 6. h3 Bh5 7. d3 d5 8. Nbd2 e6
9. Qe2 Be7 10. Nf1 c4 11. exd5 cxd3 12. Bxd3 Nxd5 13. Ng3 Bg6 14. Bxg6 hxg6 15.
Bd2 O-O 16. c4 Ndb4 17. O-O Qd3 18. Bc3 Rfd8 19. Qxd3 Nxd3 20. Rfd1 f5 21. Ne1
Nf4 22. Kf1 e5 23. Ne2 Ne6 24. Nc2 a5 25. Ke1 a4 26. Rxd8+ Rxd8 27. Rd1 Nc5 28.
Rxd8+ Bxd8 29. f3 Bg5 30. Kd1 Nd3 31. Ne1 Ndb4 32. Bxb4 Nxb4 33. Nc3 a3 34. bxa3
Nc6 1/2-1/2

[Event "Mondiale Lampo FIDE 2017"]
[Site "Riyadh"]
[Date "29.12.2017"]
[Round "11.37"]
[White "Alekseev, Evgeny"]
[Black "Khismatullin, Denis"]
[Result "0-1"]
[WhiteTitle "GM"]
[BlackTitle "GM"]
[WhiteElo "2616"]
[BlackElo "2632"]
[WhiteFideId "4138147"]
[BlackFideId "4142578"]
[EventDate "2017.12.29"]

1. e4 d6 2. d4 Nf6 3. Bd3 e5 4. c3 Be7 5. Nf3 Nbd7 6. O-O O-O 7. Re1 Re8 8. Nbd2
Bf8 9. Nf1 b6 10. Ng3 Bb7 11. h3 g6 12. Bg5 h6 13. Bd2 Bg7 14. Qc2 Rc8 15. Rad1
exd4 16. cxd4 c5 17. d5 c4 18. Bf1 b5 19. Bc3 Nc5 20. Bd4 Qa5 21. Qb1 Na4 22.
Rc1 Nc5 23. Rcd1 Na4 24. Rc1 Nc5 25. Rcd1 Qb4 26. Qc2 Qa5 27. Qb1 a6 28. Bc3 Qc7
29. Bd4 Qa5 30. Bc3 Qc7 31. Bd4 Re7 32. b3 cxb3 33. axb3 b4 34. Qb2 Ne8 35. Bxg7
Nxg7 36. e5 Rce8 37. Bc4 a5 38. e6 fxe6 39. dxe6 d5 40. Bb5 Rf8 41. Ne5 Rxe6 42.
Ng4 h5 43. Ne5 Qb6 44. Bf1 Kh7 45. Nf3 Rxe1 46. Rxe1 Qd8 47. h4 Nge6 48. Qe5 Qf6
49. Qd6 Ne4 50. Qb6 Rf7 51. Rc1 Nxg3 52. fxg3 Kg7 53. Qxa5 Qb2 54. Re1 Nd4 55.
Nxd4 Qf2+ 56. Kh2 Qxe1 57. Bd3 Qc3 58. Ne6+ Kf6 59. Qb6 Qc6 60. Qd4+ Kxe6 61.
Bxg6 Re7 62. Bxh5 Kd6 63. Bg4 Kc7 64. h5 Qd6 65. Bf3 Re5 66. Kh3 Bc8+ 67. Kh2
Bf5 68. Qa7+ Kd8 69. Qa8+ Ke7 70. Qh8 Qf6 71. Qb8 Be4 72. Qxb4+ Ke8 73. Be2 Kf7
74. Qb7+ Re7 75. Qb8 Qe5 76. Qb6 d4 77. Bc4+ Kg7 78. h6+ Kh7 79. Qd8 Kxh6 80.
Qf8+ Qg7 81. Qf4+ Qg5 82. Qf8+ Rg7 83. Qd6+ Rg6 84. Qf8+ Kh7 85. Qf7+ Rg7 0-1

[Event "Mondiale Lampo FIDE 2017"]
[Site "Riyadh"]
[Date "29.12.2017"]
[Round "11.38"]
[White "Vallejo Pons, Francisco"]
[Black "Sanal, Vahap"]
[Result "1/2-1/2"]
[WhiteTitle "GM"]
[BlackTitle "GM"]
[WhiteElo "2707"]
[BlackElo "2551"]
[WhiteFideId "2205530"]
[BlackFideId "6300545"]
[EventDate "2017.12.29"]

1. e4 e5 2. Nf3 Nc6 3. Bb5 a6 4. Ba4 Nf6 5. O-O Be7 6. Qe2 b5 7. Bb3 O-O 8. d4
d6 9. c3 Bg4 10. Rd1 Qc8 11. h3 Bh5 12. Bg5 Na5 13. Bc2 Re8 14. Nbd2 c5 15. dxe5
dxe5 16. Nf1 Nc4 17. Bb3 Bxf3 18. Qxf3 Nxb2 19. Rd2 c4 20. Rxb2 cxb3 21. Rxb3
Nd7 22. Bxe7 Rxe7 23. Ne3 g6 24. c4 bxc4 25. Rb4 Kg7 26. Rxc4 Qd8 27. Nd5 Nb6
28. Qf6+ Kh6 29. Qxb6 Qxb6 30. Nxb6 Rb8 31. Nd5 Reb7 32. Rc2 Kg5 33. a4 h5 34.
a5 f5 35. exf5 gxf5 36. Rc6 Rd8 37. Nc3 Rb3 38. Ne2 Rd2 39. Ng3 h4 40. Nf1 Re2
41. Rxa6 Rbb2 42. Ra8 Rxf2 43. Rg8+ Kf6 44. a6 Ra2 45. Rxa2 Rxa2 46. Ra8 f4 47.
a7 Kg7 48. Nd2 Kh7 49. Ne4 Kg7 50. Kf1 Kh7 51. Ke1 Kg7 52. Kd1 Ra4 53. Kd2 Ra2+
54. Kd3 Ra3+ 55. Kc4 Ra1 56. Kd5 Ra5+ 57. Ke6 Kh7 58. Kf5 1/2-1/2

[Event "Mondiale Lampo FIDE 2017"]
[Site "Riyadh"]
[Date "29.12.2017"]
[Round "11.39"]
[White "Zhao, Jun"]
[Black "Bocharov, Dmitry"]
[Result "0-1"]
[WhiteTitle "GM"]
[BlackTitle "GM"]
[WhiteElo "2604"]
[BlackElo "2583"]
[WhiteFideId "8602522"]
[BlackFideId "4138716"]
[EventDate "2017.12.29"]

1. e4 c5 2. Nf3 e6 3. b3 b6 4. d4 cxd4 5. Nxd4 Bb7 6. Bd3 Bc5 7. Nf3 Nf6 8. Qe2
Nc6 9. Bb2 Qc7 10. Nbd2 Be7 11. O-O d6 12. a3 O-O 13. Rfe1 Rfd8 14. Nc4 b5 15.
Ncd2 a6 16. a4 b4 17. Nc4 Nd7 18. Nfd2 Bf6 19. Bxf6 Nxf6 20. Nf3 h6 21. Rad1 a5
22. Qe3 d5 23. Nb6 Rab8 24. exd5 exd5 25. Qc5 Qd6 26. Qxd6 Rxd6 27. Bb5 Rbd8 28.
Nh4 Nb8 29. Nf5 Rxb6 30. Re7 Kf8 31. Rde1 Bc6 32. Nd4 Bd7 0-1

[Event "Mondiale Lampo FIDE 2017"]
[Site "Riyadh"]
[Date "29.12.2017"]
[Round "11.40"]
[White "Dzhumagaliev, Yan"]
[Black "Meier, Georg"]
[Result "1-0"]
[WhiteTitle "FM"]
[BlackTitle "GM"]
[WhiteElo "2400"]
[BlackElo "2650"]
[WhiteFideId "24100110"]
[BlackFideId "4675789"]
[EventDate "2017.12.29"]

1. Nf3 d5 2. d4 Nf6 3. c4 e6 4. g3 Bb4+ 5. Bd2 Be7 6. Bg2 c6 7. Qc2 Nbd7 8. O-O
O-O 9. b3 b6 10. Rc1 a5 11. Bf4 Bb7 12. Nbd2 Rc8 13. e4 c5 14. exd5 exd5 15. Qf5
Re8 16. Re1 cxd4 17. Nxd4 g6 18. Qh3 Bc5 19. Nb5 Rxe1+ 20. Rxe1 Qf8 21. Bh6 Qd8
22. Bg5 Qf8 23. Qh4 Re8 24. Rf1 Re2 25. Bf3 Re6 26. Nc7 Rd6 27. Bf4 dxc4 28.
Bxb7 Qb8 29. Nb5 Qxb7 1-0

[Event "Mondiale Lampo FIDE 2017"]
[Site "Riyadh"]
[Date "29.12.2017"]
[Round "11.41"]
[White "Tregubov, Pavel V."]
[Black "Almasi, Zoltan"]
[Result "1-0"]
[WhiteTitle "GM"]
[BlackTitle "GM"]
[WhiteElo "2575"]
[BlackElo "2682"]
[WhiteFideId "4115341"]
[BlackFideId "702293"]
[EventDate "2017.12.29"]

1. d4 Nf6 2. c4 e6 3. Nc3 Bb4 4. e3 b6 5. Ne2 Bb7 6. a3 Be7 7. Ng3 d5 8. cxd5
Nxd5 9. Nxd5 Qxd5 10. e4 Qd7 11. Be3 Nc6 12. Qa4 a6 13. Rd1 b5 14. Qc2 O-O 15.
Be2 Bf6 16. e5 Be7 17. Ne4 Na5 18. O-O Bd5 19. Nd2 b4 20. a4 Rfc8 21. b3 Bb7 22.
Rc1 Bf8 23. Rfd1 Rab8 24. Nc4 Nxc4 25. Bxc4 a5 26. Bd3 Bd5 27. Bxh7+ Kh8 28. Be4
Be7 29. Bxd5 Qxd5 30. Qc4 c6 31. h3 g6 32. Rc2 Kg7 33. Rdc1 Rd8 34. Qxd5 cxd5
35. Rc7 Kf8 36. g4 Ke8 37. Kg2 Rd7 38. Kg3 Rxc7 39. Rxc7 Bd8 40. Rc1 Kd7 41. h4
Ke8 42. h5 gxh5 43. gxh5 Kf8 44. f4 Kg8 45. Kg4 Kh7 46. f5 Be7 47. f6 Bd8 48.
Kf3 Bb6 49. Rc6 Bd8 50. Rd6 Bb6 51. Rd7 Rc8 52. Rxf7+ Kg8 53. Rg7+ Kh8 54. Rb7 1-0

[Event "Mondiale Lampo FIDE 2017"]
[Site "Riyadh"]
[Date "29.12.2017"]
[Round "11.42"]
[White "Ponkratov, Pavel"]
[Black "Ivanchuk, Vassily"]
[Result "0-1"]
[WhiteTitle "GM"]
[BlackTitle "GM"]
[WhiteElo "2613"]
[BlackElo "2726"]
[WhiteFideId "4157800"]
[BlackFideId "14100010"]
[EventDate "2017.12.29"]

1. Nf3 Nf6 2. e3 b6 3. c4 Bb7 4. d4 e6 5. Bd3 d5 6. O-O dxc4 7. Bxc4 a6 8. Qe2
c5 9. Rd1 Nbd7 10. a4 Bd6 11. Nc3 Qe7 12. e4 cxd4 13. Nxd4 O-O 14. f3 Ne5 15.
Bb3 Bc5 16. Be3 Rfd8 17. Nc2 a5 18. Nd4 Ba6 19. Ndb5 h6 20. Kf1 Rxd1+ 21. Bxd1
Rd8 22. Bc2 Bxe3 23. Qxe3 Nc4 24. Qe2 Qb4 25. Rd1 Rxd1+ 26. Nxd1 Nxb2 27. Nxb2
Qxb2 28. e5 Qc1+ 29. Kf2 Nd5 30. Qd3 Bxb5 31. axb5 g6 32. Bb3 Qb2+ 33. Kg1 Qxe5
34. g3 h5 35. Kf2 Qb2+ 36. Kg1 Qc3 37. Qd1 Qc5+ 38. Kh1 Qxb5 39. h4 Ne3 40. Qd8+
Kh7 0-1

[Event "Mondiale Lampo FIDE 2017"]
[Site "Riyadh"]
[Date "29.12.2017"]
[Round "11.43"]
[White "Moiseenko, Alexander"]
[Black "McShane, Luke J"]
[Result "1-0"]
[WhiteTitle "GM"]
[BlackTitle "GM"]
[WhiteElo "2667"]
[BlackElo "2640"]
[WhiteFideId "14102560"]
[BlackFideId "404853"]
[EventDate "2017.12.29"]

1. d4 d6 2. e4 Nf6 3. Nc3 g6 4. Be3 c6 5. Qd2 b5 6. Bd3 Nbd7 7. Nf3 e5 8. a4
exd4 9. Nxd4 b4 10. Nce2 c5 11. Nf3 Bg7 12. O-O O-O 13. Ng3 Re8 14. Rad1 Bb7 15.
b3 a6 16. h3 Qb6 17. Bc4 Bxe4 18. Nxe4 Nxe4 19. Qd5 Ndf6 20. Qxf7+ Kh8 21. Ng5
Nc3 22. Qg8+ 1-0

[Event "Mondiale Lampo FIDE 2017"]
[Site "Riyadh"]
[Date "29.12.2017"]
[Round "11.44"]
[White "Ganguly, Surya Shekhar"]
[Black "Safarli, Eltaj"]
[Result "0-1"]
[WhiteTitle "GM"]
[BlackTitle "GM"]
[WhiteElo "2650"]
[BlackElo "2639"]
[WhiteFideId "5002150"]
[BlackFideId "13402129"]
[EventDate "2017.12.29"]

1. c4 c5 2. Nf3 Nc6 3. d4 cxd4 4. Nxd4 Nf6 5. Nc3 e6 6. g3 Bb4 7. Bg2 O-O 8. O-O
h6 9. Nc2 Bxc3 10. bxc3 d5 11. Ne3 dxc4 12. Ba3 Re8 13. Nxc4 Nd5 14. Nd6 Qa5 15.
Bb4 Qd8 16. Nxe8 Qxe8 17. Qd2 b6 18. Ba3 Ba6 19. Rfd1 Na5 20. Qd4 Rc8 21. Rac1
Bxe2 22. Re1 Bc4 23. Bb4 Nb7 24. f4 a5 25. Ba3 Qa4 26. Bb2 Qxa2 27. Rc2 Nc5 28.
f5 exf5 29. Ra1 Qb3 30. Rd2 Ne6 31. Qe5 Nf6 32. Qxf5 Rc5 33. Qf3 Bd5 34. Qe3
Bxg2 35. Kxg2 Qb5 36. Rad1 Qc6+ 37. Kg1 Ng5 38. Rd8+ Kh7 39. Qd3+ g6 40. h4 Nh3+
41. Kf1 Qh1+ 42. Ke2 Qg2+ 0-1

[Event "Mondiale Lampo FIDE 2017"]
[Site "Riyadh"]
[Date "29.12.2017"]
[Round "11.45"]
[White "Bu, Xiangzhi"]
[Black "Rakhmanov, Aleksandr"]
[Result "1-0"]
[WhiteTitle "GM"]
[BlackTitle "GM"]
[WhiteElo "2730"]
[BlackElo "2653"]
[WhiteFideId "8601445"]
[BlackFideId "4173708"]
[EventDate "2017.12.29"]

1. Nf3 Nf6 2. c4 d6 3. d4 g6 4. g3 Bg7 5. Bg2 c6 6. O-O O-O 7. Nc3 Bf5 8. Ne1
Be6 9. b3 d5 10. Nd3 Ne4 11. Nxe4 dxe4 12. Nc5 Bc8 13. Nxe4 Qxd4 14. Rb1 Qxd1
15. Rxd1 Nd7 16. Ba3 Re8 17. Rd2 a5 18. Rbd1 a4 19. Bb4 axb3 20. axb3 f5 21. Ng5
Nf6 22. Rd8 Kf8 23. h3 h6 24. Nf3 Ne4 25. g4 Ra1 26. Rxa1 Bxa1 27. Rd1 Bf6 28.
Ne1 Nc3 29. Bxc3 Bxc3 30. gxf5 gxf5 31. Nd3 Kf7 32. e3 Rg8 33. Kf1 Bf6 34. Bf3
e5 35. Nc5 Ke7 36. Na4 f4 37. Ke2 fxe3 38. fxe3 Bxh3 39. Rh1 Bg2 40. Rxh6 Bxf3+
41. Kxf3 b5 42. cxb5 cxb5 43. Nc3 Bg7 44. Rb6 Rc8 45. Nd5+ Kf7 46. Ke4 Rc5 47.
b4 Rc4+ 48. Kf5 e4 49. Rxb5 Bh6 50. Rb7+ Ke8 51. b5 Kd8 52. Ke6 Bg5 53. Rg7 1-0

[Event "Mondiale Lampo FIDE 2017"]
[Site "Riyadh"]
[Date "29.12.2017"]
[Round "11.46"]
[White "Pantsulaia, Levan"]
[Black "Sethuraman, S.P."]
[Result "0-1"]
[WhiteTitle "GM"]
[BlackTitle "GM"]
[WhiteElo "2612"]
[BlackElo "2646"]
[WhiteFideId "13602071"]
[BlackFideId "5021596"]
[EventDate "2017.12.29"]

1. Nf3 d5 2. g3 c5 3. c4 d4 4. e3 Nc6 5. exd4 cxd4 6. d3 g6 7. Bg2 Bg7 8. O-O
Nf6 9. Na3 O-O 10. Nc2 a5 11. a3 Nd7 12. Rb1 a4 13. Bd2 Nc5 14. Bb4 Qb6 15. Bxc5
Qxc5 16. b4 axb3 17. Rxb3 Rd8 18. Re1 Ra7 19. Nd2 Qd6 20. Ne4 Qc7 21. Qb1 Bd7
22. Nd2 Na5 23. Rb6 Bf5 24. Be4 Bc8 25. Bg2 Bf5 26. Ne4 h6 27. Rb5 Bd7 28. Rb4
Nc6 29. Rb2 Ne5 30. Qd1 Ba4 31. Qd2 f5 32. f4 Nxc4 33. dxc4 fxe4 34. Nb4 e3 35.
Qd3 Kh7 36. Nd5 Qd6 37. Be4 Be8 38. Rb6 Bc6 39. h4 h5 40. c5 Qe6 41. f5 Qe5 42.
fxg6+ Kg8 43. Rxc6 bxc6 44. Nb4 Rxa3 45. Qc4+ Kh8 46. Nxc6 Qxg3+ 47. Kh1 Qxe1+
48. Kg2 Qf2+ 49. Kh3 Rf8 50. Qd5 e2+ 0-1

[Event "Mondiale Lampo FIDE 2017"]
[Site "Riyadh"]
[Date "29.12.2017"]
[Round "11.47"]
[White "Mchedlishvili, Mikheil"]
[Black "Naiditsch, Arkadij"]
[Result "1-0"]
[WhiteTitle "GM"]
[BlackTitle "GM"]
[WhiteElo "2603"]
[BlackElo "2705"]
[WhiteFideId "13600966"]
[BlackFideId "4650891"]
[EventDate "2017.12.29"]

1. d4 Nf6 2. Bg5 d5 3. e3 c5 4. c3 Qb6 5. Qb3 Nc6 6. Nd2 Bf5 7. Ngf3 c4 8. Qxb6
axb6 9. a3 b5 10. Rc1 h6 11. Bxf6 gxf6 12. g3 e6 13. Bg2 Bd3 14. Bf1 Bh7 15. Bg2
e5 16. O-O Bd3 17. Rfe1 e4 18. Nh4 Kd7 19. f3 exf3 20. Bxf3 Ne7 21. e4 h5 22.
exd5 Bh6 23. Rcd1 Kd6 24. Ne4+ Bxe4 25. Bxe4 Bg5 26. Nf3 h4 27. Nxg5 fxg5 28.
Rf1 f5 29. Bxf5 hxg3 30. hxg3 Nxd5 31. Rde1 Rae8 32. Be4 Rh3 33. Bxd5 Rxe1 34.
Rxe1 Kxd5 35. Re5+ Kc6 36. Rxg5 Rh8 37. Rf5 Kb6 38. Kg2 Ka5 39. g4 Ka4 40. Rf2
Kb3 41. Kg3 Rg8 42. Rg2 b6 43. Kf4 Rf8+ 44. Ke5 1-0

[Event "Mondiale Lampo FIDE 2017"]
[Site "Riyadh"]
[Date "29.12.2017"]
[Round "11.48"]
[White "Anton Guijarro, David"]
[Black "Dobrov, Vladimir"]
[Result "0-1"]
[WhiteTitle "GM"]
[BlackTitle "GM"]
[WhiteElo "2666"]
[BlackElo "2515"]
[WhiteFideId "2285525"]
[BlackFideId "4136594"]
[EventDate "2017.12.29"]

1. Nf3 d5 2. b3 f6 3. d4 c5 4. e3 Nc6 5. Bb2 Bg4 6. h3 Bh5 7. Bd3 e6 8. Nbd2
cxd4 9. exd4 Bd6 10. O-O Nge7 11. Re1 Qd7 12. Qe2 Bf7 13. c4 O-O 14. a3 a5 15.
Nf1 Rae8 16. Qc2 h6 17. Ne3 Bb8 18. Rad1 g5 19. cxd5 exd5 20. Qd2 Kg7 21. b4
axb4 22. axb4 b6 23. b5 Na5 24. Bc3 Nb7 25. Rc1 Nd6 26. Bb4 Ne4 27. Qb2 Rh8 28.
Nxd5 Nxd5 29. Bxe4 h5 30. Nd2 Nxb4 31. Qxb4 Rd8 32. d5 Bd6 33. Qb3 Bc5 34. Nf1
Bxd5 35. Bxd5 Qxd5 36. Qxd5 Rxd5 37. Rc2 Kf7 38. Ng3 Bb4 39. Rc7+ Kg6 40. Re6
Rd1+ 41. Kh2 Bd6 42. Rc6 Rd8 43. Rexd6 R8xd6 44. Rc8 Re6 45. Rg8+ Kf7 46. Rb8
Rd5 47. Nxh5 Rxb5 48. Ng3 Rb2 49. f3 b5 50. Ne4 b4 51. Kg3 Rc6 52. Kg4 Kg6 53.
Rg8+ Kf7 54. Rb8 Re6 55. g3 Re5 56. Kh5 b3 57. Rb7+ Re7 58. Rb6 Re6 59. Rb7+ Ke8
60. Kg6 Kd8 61. Nxf6 Rb1 62. Kf7 Re3 63. f4 gxf4 64. gxf4 Rf1 65. Nd5 Rd3 66.
Ke6 Re1+ 67. Kd6 Kc8 68. Rc7+ Kb8 69. Rc5 Red1 70. f5 Rxd5+ 71. Rxd5 Rxd5+ 72.
Kxd5 b2 73. f6 b1=Q 74. f7 Qb4 75. Ke6 Qf8 76. h4 Kc7 77. h5 Kc6 78. h6 Qxh6+
79. Ke7 Qg5+ 80. Ke8 Qe5+ 81. Kf8 Qh8+ 82. Ke7 Qg7 83. Ke8 Kc7 84. Ke7 Qe5+ 85.
Kf8 Qh8+ 86. Ke7 Qh4+ 87. Kf8 Kd7 88. Kg8 Qg5+ 89. Kf8 Ke6 0-1

[Event "Mondiale Lampo FIDE 2017"]
[Site "Riyadh"]
[Date "29.12.2017"]
[Round "11.49"]
[White "Potkin, Vladimir"]
[Black "Inarkiev, Ernesto"]
[Result "1/2-1/2"]
[WhiteTitle "GM"]
[BlackTitle "GM"]
[WhiteElo "2574"]
[BlackElo "2689"]
[WhiteFideId "4131061"]
[BlackFideId "4162722"]
[EventDate "2017.12.29"]

1. Nf3 d5 2. e3 Nf6 3. c4 e6 4. Nc3 Be7 5. b3 O-O 6. Bb2 c5 7. cxd5 exd5 8. d4
b6 9. Be2 Bb7 10. O-O Nbd7 11. Rc1 Rc8 12. Ne5 Nxe5 13. dxe5 Ne4 14. f4 Nxc3 15.
Bxc3 f5 16. Bf3 Qd7 17. Rf2 Rcd8 18. Rd2 Qe6 19. Qe2 Bc6 20. Rcd1 Rd7 21. g4
Rfd8 22. gxf5 Qxf5 23. Qg2 Qe6 24. Bg4 Qh6 25. Bxd7 Rxd7 26. Rxd5 Rxd5 27. Rxd5
Qh5 28. e6 Qh6 29. Kf1 g5 30. Rd8+ Bxd8 31. Qxc6 Qg6 32. Qd5 Be7 33. f5 Qh5 34.
f6 Qh3+ 35. Ke2 Qxh2+ 36. Kd3 Qd6 37. Ke4 Qg3 38. Qe5 Qg2+ 39. Kd3 Qf1+ 40. Kc2
Qf2+ 41. Kd3 Qf1+ 42. Kd2 Qf2+ 43. Kd1 Qf1+ 44. Kc2 Qf2+ 45. Kb1 Qf1+ 46. Kb2
Qe2+ 47. Kc1 Qf1+ 48. Kc2 Qf2+ 49. Kd1 Qf1+ 50. Kd2 Qf2+ 51. Kd3 Qf1+ 52. Ke4
Qg2+ 53. Kd3 Qf1+ 54. Kc2 Qf2+ 55. Kb1 Qf1+ 56. Kb2 Qe2+ 57. Ka3 Qa6+ 58. Kb2
Qe2+ 59. Kc1 Qf1+ 60. Kc2 Qf2+ 61. Kd1 Qf1+ 62. Kd2 Qf2+ 63. Kd3 Qf1+ 64. Kc2
Qf2+ 1/2-1/2

[Event "Mondiale Lampo FIDE 2017"]
[Site "Riyadh"]
[Date "29.12.2017"]
[Round "11.50"]
[White "Volokitin, Andrei"]
[Black "Abdyjapar, Asyl"]
[Result "1/2-1/2"]
[WhiteTitle "GM"]
[BlackTitle "IM"]
[WhiteElo "2628"]
[BlackElo "2382"]
[WhiteFideId "14107090"]
[BlackFideId "13800337"]
[EventDate "2017.12.29"]

1. e4 c5 2. Nf3 d6 3. d4 cxd4 4. Nxd4 Nf6 5. Nc3 Nc6 6. Bg5 e6 7. Qd2 Be7 8.
O-O-O O-O 9. f4 a6 10. Kb1 Qc7 11. Nxc6 bxc6 12. Bxf6 gxf6 13. Bd3 Rb8 14. b3 d5
15. Qf2 Kh8 16. Rhe1 Bb4 17. Qh4 Qe7 18. exd5 f5 19. Qxe7 Bxe7 20. dxc6 Bb4 21.
Kb2 Rb6 22. a3 Bd6 23. g3 Rxc6 24. Bf1 Be7 25. Bg2 Rc7 26. Na4 Bd7 27. Nb6 Bf6+
28. Kb1 Bb5 29. a4 Rb8 30. Nd5 exd5 31. axb5 axb5 32. Rxd5 Ra7 33. Ree5 b4 34.
Ra5 Rxa5 35. Rxa5 Rb6 36. Bd5 Rd6 37. Kc1 Bc3 38. Kd1 Rd7 39. Ke2 Kg7 40. Kd3
Rd6 41. Kc4 Rd7 42. Rb5 h5 43. Rb6 Bd2 44. Bf3 h4 45. Rb5 hxg3 46. hxg3 Kf6 47.
Bg2 Rc7+ 48. Kd3 Be1 49. Bh3 Rc3+ 50. Ke2 Bxg3 51. Rxf5+ Kg7 52. Rg5+ Kf8 53.
Bf5 Bxf4 54. Rh5 Bd6 55. Bd3 Ke7 56. Rf5 Rc5 57. Rf3 Re5+ 58. Kd2 Bc5 59. Bc4 f6
60. Bd3 Bd4 61. Bc4 Bc3+ 62. Kd3 f5 63. Re3 1/2-1/2

[Event "Mondiale Lampo FIDE 2017"]
[Site "Riyadh"]
[Date "29.12.2017"]
[Round "11.51"]
[White "Tissir, Mohamed"]
[Black "Dervishi, Erald"]
[Result "0-1"]
[WhiteTitle "IM"]
[BlackTitle "GM"]
[WhiteElo "2381"]
[BlackElo "2552"]
[WhiteFideId "9000240"]
[BlackFideId "4700236"]
[EventDate "2017.12.29"]

1. e4 e5 2. Nf3 Nc6 3. Bc4 Nf6 4. d3 Be7 5. O-O O-O 6. Re1 d6 7. c3 h6 8. Bb3
Bg4 9. Nbd2 Nh7 10. h3 Bh5 11. Nf1 Ng5 12. Bxg5 Bxg5 13. Ng3 Bg6 14. Nxg5 Qxg5
15. Qg4 Qxg4 16. hxg4 Kh8 17. f3 f6 18. Kf2 a6 19. Rh1 b5 20. Bd5 Be8 21. Nf5
Rb8 22. Rh2 Bd7 23. Rah1 Bxf5 24. gxf5 Ne7 25. Be6 b4 26. c4 a5 27. g4 c6 28.
Rh5 a4 29. g5 fxg5 30. Rxg5 a3 31. b3 c5 32. Rg3 Rf6 33. Ke3 Nc6 34. Bd5 Nd4 35.
Rg2 Rc8 36. Rhg1 Rc7 37. f4 exf4+ 38. Kxf4 Ra7 39. Ke3 Re7 40. Kf4 g5+ 41. Kg4
Kg7 42. Rh1 Ra7 43. Rgh2 Re7 44. Rg2 Re5 45. Rgh2 Re7 46. Rg2 Re8 47. Rgh2 Rh8
48. Rg2 Re8 49. Rgh2 Re5 50. Rg2 Rf8 51. Rgh2 Rf6 52. Rg2 Re8 53. Rgh2 Rh8 54.
Rg2 Rd8 55. Rgh2 Rd7 56. Rg2 Ra7 57. Rgh2 Ra5 58. Rg2 Ra6 59. Rgh2 Ra7 60. Rg2
Rf8 61. Rgh2 Rh8 62. Rf2 Kf6 63. Rfh2 Kg7 64. Rf2 Kf6 65. Rfh2 Rah7 66. Rh5 Ne2
67. R5h2 h5+ 68. Kf3 Nd4+ 69. Ke3 h4 70. Rf2 g4 71. Kf4 Rg7 72. Re1 g3 73. Rff1
g2 74. Rg1 h3 75. e5+ dxe5+ 76. Rxe5 h2 0-1

[Event "Mondiale Lampo FIDE 2017"]
[Site "Riyadh"]
[Date "29.12.2017"]
[Round "11.52"]
[White "Halkias, Stelios"]
[Black "Shytaj, Luca"]
[Result "1/2-1/2"]
[WhiteTitle "GM"]
[BlackTitle "IM"]
[WhiteElo "2571"]
[BlackElo "2459"]
[WhiteFideId "4201809"]
[BlackFideId "812633"]
[EventDate "2017.12.29"]

1. Nf3 Nf6 2. c4 e6 3. g3 b6 4. Bg2 Bb7 5. O-O Be7 6. Nc3 O-O 7. Re1 d5 8. cxd5
exd5 9. d4 Nbd7 10. Bf4 a6 11. Rc1 c5 12. dxc5 bxc5 13. Nh4 Nb6 14. Nf5 Re8 15.
Nxe7+ Qxe7 16. Qb3 Qe6 17. Na4 Nxa4 18. Qxb7 Ne4 19. Bxe4 Qxe4 20. b3 Nb2 21.
Qb6 c4 22. Be3 cxb3 23. axb3 Rab8 24. Qxa6 d4 25. Bd2 Rxb3 26. Rc8 h5 27. Rxe8+
Qxe8 28. Qa2 Qa4 29. Qxa4 Nxa4 30. Rd1 Nc5 31. Kf1 Ne6 32. f3 f6 33. Be1 Kf7 34.
Bf2 Rb4 35. Rc1 g5 36. Ra1 g4 37. Ra5 Kg6 38. Ra6 Kf5 39. Ra5+ Kg6 40. Rd5 gxf3
41. exf3 Rb1+ 42. Kg2 Rb2 43. h4 Kf7 44. Kf1 Rb1+ 45. Ke2 Rb2+ 46. Kf1 Rb1+ 47.
Kg2 Rb2 48. Rxh5 d3 49. Rd5 d2 50. Kf1 Nc7 51. Rd3 Nb5 52. Be3 Rb1+ 53. Ke2
d1=Q+ 54. Rxd1 Nc3+ 55. Kd3 Nxd1 56. Bd4 Rb3+ 57. Kc2 Rxf3 58. h5 Rxg3 59. Kd2
Rg4 60. Ba1 Nf2 61. Ke2 Ne4 62. Kf3 1/2-1/2

[Event "Mondiale Lampo FIDE 2017"]
[Site "Riyadh"]
[Date "29.12.2017"]
[Round "11.53"]
[White "Al-Saffar, Araz Basim Mohammed S"]
[Black "Al-Sayed, Mohammed"]
[Result "1/2-1/2"]
[WhiteTitle "IM"]
[BlackTitle "GM"]
[WhiteElo "2368"]
[BlackElo "2511"]
[WhiteFideId "4801040"]
[BlackFideId "12100196"]
[EventDate "2017.12.29"]

1. d4 d5 2. c4 c6 3. cxd5 cxd5 4. Bf4 Nf6 5. Nc3 Nc6 6. e3 Bg4 7. Qb3 Na5 8.
Qa4+ Bd7 9. Bb5 Nc6 10. Nf3 e6 11. O-O Be7 12. Ne5 Qb6 13. Bxc6 Bxc6 14. Nxc6
bxc6 15. Qc2 O-O 16. Bg5 Rfc8 17. Na4 Qc7 18. Bxf6 Bxf6 19. f4 Be7 20. Rac1 Rab8
21. Rf2 g6 22. Nc5 Qa5 23. a3 Bxc5 24. Qxc5 Qxc5 25. Rxc5 Rb3 26. Re2 Kf8 27.
Kf2 Ke7 28. Rec2 Kd7 29. Ke2 Rc7 30. Kd2 Rcb7 31. Rxc6 Rxb2 32. Rc7+ Rxc7 33.
Rxb2 Kc8 34. Rb4 Rc6 35. Ra4 Kb7 36. Rb4+ Kc7 37. Ra4 Kb6 38. Rb4+ Kc7 39. Ra4
a6 40. Rb4 a5 41. Rb5 Ra6 42. a4 Ra7 43. Rc5+ Kd7 44. Rb5 Kc7 45. Rc5+ Kd7 1/2-1/2

[Event "Mondiale Lampo FIDE 2017"]
[Site "Riyadh"]
[Date "29.12.2017"]
[Round "11.54"]
[White "Fedorchuk, Sergey A."]
[Black "Minko, Vladimir"]
[Result "0-1"]
[WhiteTitle "GM"]
[BlackTitle "IM"]
[WhiteElo "2648"]
[BlackElo "2381"]
[WhiteFideId "14102536"]
[BlackFideId "24146706"]
[EventDate "2017.12.29"]

1. e4 c5 2. Nf3 Nc6 3. Bb5 e6 4. O-O Nge7 5. c3 a6 6. Ba4 c4 7. Bc2 Ng6 8. b3 d5
9. exd5 exd5 10. d4 cxd3 11. Qxd3 Be7 12. Rd1 Be6 13. Nbd2 O-O 14. Nf1 Bf6 15.
Bd2 Qc7 16. Ng3 Rac8 17. Rac1 Nce5 18. Nxe5 Bxe5 19. Bb1 Rfd8 20. Re1 Bf4 21.
Bxf4 Qxf4 22. Rcd1 Rd7 23. Re3 Rdc7 24. Ne2 Qg5 25. Rg3 Qe5 26. h4 Qh5 27. Qd2
Qxh4 28. Nd4 Qf4 29. Qe2 Qf6 30. Qd2 b5 31. Re1 Re7 32. Rge3 Rce8 33. Nc6 Rc7
34. Nb4 Rd7 35. Nxa6 d4 36. cxd4 Rxd4 37. Qc3 Nf4 38. Nc7 Rc8 39. Qc5 Rdd8 40.
Qb6 Qg5 41. Rg3 Ne2+ 42. Rxe2 Rd1+ 43. Kh2 Qh4+ 44. Rh3 Bxh3 45. gxh3 Qf4+ 46.
Kg2 Qg5+ 47. Kf3 Qh5+ 48. Ke3 Rxb1 49. Qb7 Rd8 50. Rd2 Qh6+ 51. f4 Qxh3+ 52. Ke4
Re1+ 0-1

[Event "Mondiale Lampo FIDE 2017"]
[Site "Riyadh"]
[Date "29.12.2017"]
[Round "11.55"]
[White "Khader, Sami"]
[Black "El Adnani, Mokliss"]
[Result "0-1"]
[WhiteTitle "IM"]
[BlackTitle "IM"]
[WhiteElo "2392"]
[BlackElo "2448"]
[WhiteFideId "8100500"]
[BlackFideId "9000410"]
[EventDate "2017.12.29"]

1. e4 c5 2. Nf3 d6 3. d4 cxd4 4. Nxd4 Nf6 5. Nc3 g6 6. Be3 Bg7 7. f3 Nc6 8. Bc4
Bd7 9. Qd2 Rc8 10. Bb3 h5 11. O-O Ne5 12. Qe2 a6 13. a4 Qc7 14. Rad1 Nc4 15. Bc1
Qc5 16. Kh1 h4 17. Be3 Nxe3 18. Qxe3 e5 19. Nf5 gxf5 20. Qg5 Nh5 21. Ne2 Bf6 22.
Qd2 Ng3+ 23. Nxg3 hxg3 24. h3 f4 0-1